Diseño de una red de comunicaciones con voz sobre IP

La investigación determina la viabilidad técnica de las posibles soluciones de voz sobre IP (VoIP) como una alternativa para reducir los gastos de comunicación en BANPRO y sus respectivas filiales a nivel nacional. Determinar la situación de la red de comunicación actual de BANPRO. Presentar...

Full description

Bibliographic Details
Main Authors: Martínez Paz, Sandra Danelia, Gutiérrez Obando, Guillermo Lenin, Vallecillo Goussen, María José
Other Authors: Tutor: Somarriba Jarquín, Oscar
Format: Tesis Section = Libro
Language:Undetermined
Spanish
Published: Managua UNI 2003
Subjects:
LEADER 01356nam a2200289Ia 4500
008 240830s9999 xx 000 0 und d
040 |a BIBLIOTECA-RUSB/ Mon 621.385 M385 
041 |a spa 
082 |a Mon 621.385 M385 
100 1 |a Martínez Paz, Sandra Danelia 
100 1 |b Gutiérrez Obando, Guillermo Lenin 
100 1 |c Vallecillo Goussen, María José 
245 1 0 |a Diseño de una red de comunicaciones con voz sobre IP 
260 |a Managua  |b UNI  |c 2003 
300 |a 116 p. :il. 
500 |a Contiene: anexos. 
502 |a Tesis (Ingeniero Electrónico) - UNI, 2003. 
520 3 |a La investigación determina la viabilidad técnica de las posibles soluciones de voz sobre IP (VoIP) como una alternativa para reducir los gastos de comunicación en BANPRO y sus respectivas filiales a nivel nacional. Determinar la situación de la red de comunicación actual de BANPRO. Presentar de manera teórica las ventajas económicas tanto en mantenimiento como en costos de comunicación que caracteriza al sistema de VoIP. 
650 7 |a RED COMUNICACIÓN-IP 
650 7 |b  ARQUITECTURA IP 
650 7 |c  SERVICIOS DE COMUNICACIÓN DE DATOS 
650 7 |d  SEÑAL ANALOGICA DE COMUNICACIÓN DE VOZ 
650 7 |e  RED TELEFONICA 
700 1 |a Tutor:  |b Somarriba Jarquín, Oscar 
942 |c BK  |2 ddc 
991 |a TESIS 
999 |c 20318